000 01036nam a2200277 a 4500
003 EG-GiCUC
005 20250223025956.0
008 091208s1967 ua f m 000 0 ara d
040 _aEG-GiCUC
_bara
_cEG-GiCUC
041 0 _aara
049 _aايداع
097 _aماجستير
099 _aCai01.02.06.M.A.1967.حس.ن
100 0 _aحسام سعيد النعيمى
245 1 2 _aالنواسخ فى كتاب سيبويه /
_cحسام سعيد النعيمى ؛ اشراف خليل يحيى ناجى : حسين نصار
260 _aالقاهرة :
_bحسام سعيد النعيمى :
_c1967
300 _a200ورقة ؛
_c30سم
502 _aاطروحة (ماجستير) - جامعة القاهرة - كلية الاداب - قسم االلغة العربية
700 0 _aحسين نصار :
_eمشرف
700 0 _aخليل يحيى ناجى :
_eمشرف
856 _uhttp://172.23.153.220/th.pdf
902 _a1
905 _aNazla
_eRevisor
905 _aSoheir
_eCataloger
942 _2ddc
_cTH
999 _c24764
_d24764